• 首页
  • 本馆介绍
  • 公告通知
  • 最新文献
  • 馆藏检索
  • 电子资源
  • 读者导购
  • 参考咨询
  • 我的图书馆
  • 登录
  • 详细信息显示
  • 放入我的书架
  • 预约/预借图书
  • 作者相关作品
  • 分类相关作品
  • 丛书相关作品
  • 出版社相关作品

书目信息

  • 表格格式
  • 工作单格式
  • 卡片格式
题名:
CMOS集成电路原理及应用
    
 
作者: 沈雷 主编
分册:  
出版信息: 北京   光明日报出版社  1986
页数: 728页
开本: 26cm
丛书名:
单 册:
中图分类: TN432.1
科图分类:
主题词: 半导体集成电路,场效应型
电子资源:
ISBN:
000 00672nam0 2200241 45
001 0186001201
005 20041201110534.5
010    @dCNY11.00
091    @a13263.0121
100    @a19901014d1986 emky0chiy0121 ea
101 0  @achi
102    @aCN@b110000
105    @ay z 000yy
200 10 @aCMOS集成电路原理及应用@ACMOS ji cheng dian lu yuan li ji ying yong@f沈雷主编@FShen Lei Zhu Bian
210    @a北京@c光明日报出版社@d1986
215    @a728页@d26cm
606 0  @a半导体集成电路,场效应型
610 0  @aCMOS
690    @aTN432.1@v3
701  0 @a沈雷@4主编
801  0 @aCN@b深圳图书馆@c20040916
801  2 @aCN@bNLC@c20040916
905    @dTN432.1@e57@f1@b201272
    
    CMOS集成电路原理及应用/沈雷主编.-北京:光明日报出版社,1986
    728页;26cm
    
    
    ISBN :CNY11.00
    
●
相关链接 在E读中查询图书 在五车中查询图书 在当当中查询图书 在豆瓣中查询图书


正题名:CMOS集成电路原理及应用     索取号:TN432.1/57         预约/预借

序号 登录号 条形码 馆藏地/架位号 状态 备注
1 0201272   001353412   第三借阅区/ [索取号:TN432.1/57] 在馆    
2 0201273   001957671   第三借阅区/ [索取号:TN432.1/57] 在馆    
3 0201274   202108183   第二样本阅览室/ [索取号:TN432.1/57] 在馆    
唐山师范学院图书馆 欢迎您!
大连网信软件有限公司© 版权所有